000 05761nam a22004577a 4500
005 20120221150047.0
010 _aB-467530-548
020 _c50.00
_a9788184973969
035 _aB-467530-548
037 _bब्लूबेरी बुक्स
082 _a
100 _aप्रेमचन्द
_91393
245 _aनादान दोस्तः
_cप्रेमचन्द
_bप्रेमचन्द की प्रसिद्ध कहानियाँ /
260 _aनई दिल्ली
_bबी.पी.आई.
_c2011
270 _aएफ-213/ए, ग्राउंड फ्लोर, पुरानी महरौली बदरपुर रोड, लॉडो सराय
_bनई दिल्ली
_e110030
300 _a16पृ.
_bसचित्र
_c28 सेमी (अजिल्द)
490 _aबच्चों और किशोरों के लिे
_948141
500 _aबड़े अक्षरों में कहानियाँ
942 _2ddc
_cCH
_h
_mप्रेमच
999 _c63287
_d63287